Big data zatraktivňují sport i logistiku

Význam spojenia big data, vrcholového športu a logistiky. Špeciálne kamióny sa menia na mobilné dátové centrá. Partnerstvo juhoafrickej spoločnosti Dimension Data s Tour de France. Distribuovaný computing. Digitálne technológie novej generácie. Big data vo Formule 1.

Saved in:
Bibliographic Details
Main Author: Kotora, Bohumír
Format: Book Chapter
Language:Czech
Subjects:
Tags: Add Tag
No Tags, Be the first to tag this record!

MARC

LEADER 00000naa a2200000 4500
001 0222150
005 20160919093959.6
041 0 |a cze 
044 |a CZ 
245 1 0 |a Big data zatraktivňují sport i logistiku  |c Bohumír Kotora 
520 |a Význam spojenia big data, vrcholového športu a logistiky. Špeciálne kamióny sa menia na mobilné dátové centrá. Partnerstvo juhoafrickej spoločnosti Dimension Data s Tour de France. Distribuovaný computing. Digitálne technológie novej generácie. Big data vo Formule 1. 
610 2 0 |a technológie informačné 
610 2 0 |a technológie komunikačné 
610 2 0 |a centrá dátové 
610 2 0 |a technológie nové 
610 2 0 |a šport 
610 2 0 |a súťaže 
610 2 0 |a prenos dát diaľkový 
610 2 0 |a cloud computing 
100 1 |a Kotora, Bohumír